Central Library OPAC University of Rajshahi

Sir Philip Sidney : (Record no. 22471)

MARC details
000 -LEADER
fixed length control field 00862cam a2200265 a 4500
001 - CONTROL NUMBER
control field 22471
003 - CONTROL NUMBER IDENTIFIER
rucl marc code BD-RjUL
005 - DATE AND TIME OF LATEST TRANSACTION
control field 20211209000818.0
008 - FIXED-LENGTH DATA ELEMENTS--GENERAL INFORMATION
fixed length control field 140308r19621912wiu b s001 0 eng d
035 ## - SYSTEM CONTROL NUMBER
System control number (BD-RjUL)22536
040 ## - CATALOGING SOURCE
Original cataloging agency DLC
Transcribing agency DLC
Modifying agency DLC
-- BD-RjUL
Language of cataloging eng
041 ## - LANGUAGE CODE
Language code of text/sound track or separate title eng
082 00 - DEWEY DECIMAL CLASSIFICATION NUMBER
Classification number 828.309
Edition number 19
Author mark and year SIP 1962
100 1# - MAIN ENTRY--PERSONAL NAME
Personal name Sidney, Philip,
Dates associated with a name 1554-1586.
9 (RLIN) 69396
245 10 - TITLE STATEMENT
Title Sir Philip Sidney :
Remainder of title The Last Part of the Countesse of Pembrokes Arcadia the Lady of May / /
Statement of responsibility, etc. edited by Feuillerat, Albert
260 ## - PUBLICATION, DISTRIBUTION, ETC. (IMPRINT)
Place of publication, distribution, etc. Cambridge:
Name of publisher, distributor, etc. University Press,
Date of publication, distribution, etc. 1912 [Reprinted 1962]
300 ## - PHYSICAL DESCRIPTION
Pagination viii,237 p. ;
Size 22 cm.
500 ## - GENERAL NOTE
General note Spine title: Sidney, prose and poetry.
504 ## - BIBLIOGRAPHY, ETC. NOTE
Bibliography, etc Includes Bibliography and Index
700 1# - ADDED ENTRY--PERSONAL NAME
Personal name Albert, Feuillerat
942 ## - ADDED ENTRY ELEMENTS (KOHA)
Source of classification or shelving scheme Dewey Decimal Classification
Koha item type Books
Holdings
Lost status Source of classification or shelving scheme Damaged status Not for loan Collection code Permanent Location Current Location Shelving location Date acquired Source of acquisition Cost, normal purchase price Total Checkouts Full call number Date last seen Copy number Koha item type
  Dewey Decimal Classification   Added to bundle Non-fiction Central Library, University of Rajshahi Central Library, University of Rajshahi Reading Room 09/07/1963 Zeitlinger 122.60   828.309 SIP 1962 08/03/2014 C-1 Books
  Dewey Decimal Classification     Non-fiction Central Library, University of Rajshahi Central Library, University of Rajshahi   26/07/1963 Zeitlinger     828.309 SIP 1962 23/11/2016 C-2 Books
  Dewey Decimal Classification     Non-fiction Central Library, University of Rajshahi Central Library, University of Rajshahi General Stacks 29/11/1964 Zeitlinger 40.00   828.309 SIP 1962 21/06/2025 C-3 Books
  Dewey Decimal Classification     Non-fiction Central Library, University of Rajshahi Central Library, University of Rajshahi General Stacks 21/06/2025       828.309 SIP 1962 21/06/2025 c-4 Books